| 000 | 00557nam a2200169 a 4500 | ||
|---|---|---|---|
| 001 | 000017882 | ||
| 005 | 20200929165251.0 | ||
| 008 | 100407s1996 dr ac 000 0 spa d | ||
| 040 | _aDO-SdBNP | ||
| 082 |
_axxx _bG216j |
||
| 100 | 1 |
_aGabriel García, Carlos _d1962- _938800 |
|
| 245 | 1 | 0 |
_aJosé Francisco Peña Gómez : _bideario / _cCarlos Gabriel García. |
| 260 |
_aSanto Domingo : _bEditora de Colores, _c1996. |
||
| 300 |
_a167 p. : _bil., retr. ; _c22 cm. |
||
| 500 | _aIncluye datos biográficos del autor en la solapa de la cubierta | ||
| 049 | _aBNPD | ||
| 999 |
_c17406 _d17406 |
||